000 01126nam1a2200313 i 4500
001 RU\NLR\bibl\173732
005 20260406121054.0
035 _a(NLR Aleph) 000170485
090 _a982401
_c982401
100 _a20010801g20009999u f0rusy50 ca
101 0 _arus
102 _aRU
105 _a||||z |||||
200 1 _aДокументы Совета Европы
_e[Сб.
_fРед. совет: Александров Ю.К. и др.]
210 _aМ.
_cПрава человека
_d2000
215 _d22
225 1 _aТюремная библиотека...
463 0 _1001167276
463 0 _1001184522
601 0 2 _aСовет Европы
_jДокументы и материалы
_92189973
_3RU\NLR\auth\661316497
686 _aХ915.232.4-3
702 1 _4340
_8rus
_7ca
_aАлександров
_bЮ. К.
_cюрист
_gЮрий Константинович
_3RU\NLR\AUTH\77982
_9111017
710 0 2 _aСовет Европы
_3RU\NLR\AUTH\8813605
_9300242
801 0 _aRU
_bNLR
_c20010801
_gPSBO
801 1 _aRU
_bNLR
_c20010801
852 _aNLR
_j2001-5/1800
942 _cBOOK